[Event "Santiago CC Chile"]
[Site "Santiago de Chile"]
[Date "2003.08.11"]
[Round "10.2"]
[White "Wolfenson, Daniel"]
[Black "Salas, Ricardo"]
[Result "1/2-1/2"]
[WhiteElo "2007"]
[BlackElo "1919"]
[PlyCount "89"]
[EventDate "2003.07.21"]
[EventType "tourn"]
[EventRounds "11"]
[EventCountry "CHI"]
[SourceTitle "EXT 2004"]
[Source "ChessBase"]
[SourceDate "2003.11.25"]
[SourceVersion "1"]
[SourceVersionDate "2003.11.25"]
[SourceQuality "1"]

1. e4 e5 2. Nf3 Nc6 3. Bb5 a6 4. Ba4 Nf6 5. 0-0 b5 6. Bb3 d6 7. c3 Be7 8. Re1 0-0 9. h3 Bb7 10. d4 Nd7 11. Nbd2 Na5 12. Bc2 c5 13. d5 Rc8 14. b3 f5 15. exf5 Bxd5 16. Ne4 Nb6 17. Neg5 Bxf3 18. Nxf3 Bf6 19. Bb2 Re8 20. Nh2 Nc6 21. Ng4 d5 22. Nxf6+ Qxf6 23. Qg4 e4 24. Rab1 Ne5 25. Qh5 c4 26. b4 Nd3 27. Re3 Re5 28. Bxd3 Rxf5 29. Qd1 exd3 30. Qe1 d2 31. Qxd2 Rf8 32. f3 Qg5 33. Qe2 Qg6 34. Re1 R5f6 35. Kh1 Rd8 36. Re6 Rxe6 37. Qxe6+ Qxe6 38. Rxe6 Na4 39. Ba1 d4 40. cxd4 c3 41. Rc6 Rxd4 42. Bxc3 Nxc3 43. Rxc3 Rxb4 44. Ra3 Rb1+ 45. Kh2 1/2-1/2